书目信息 |
| 题名: |
高强混凝土结构技术规程:CECS104:99
|
|
| 作者: | 中国土木工程学会高强与高性能混凝土委员会 主编 | |
| 分册: | ||
| 出版信息: | 北京 1999.06 |
|
| 页数: | 89页 | |
| 开本: | 32开 | |
| 丛书名: | ||
| 单 册: | ||
| 中图分类: | TU37-65 | |
| 科图分类: | ||
| 主题词: | 混凝土结构 , 钢筋混凝土结构 | |
| 电子资源: | ||
| ISBN: | ||
| 000 | 00750nam0 2200205 45 | |
| 001 | 0011221092 | |
| 005 | 20001122104644.4 | |
| 010 | @d3.00元 | |
| 100 | @a20001122d1999 km y0chiy0120 ea | |
| 101 | 0 | @achi |
| 105 | @a z 000yy | |
| 200 | 1 | @a高强混凝土结构技术规程:CECS104:99@AGao Qiang Hun Ning Tu Jie Gou Ji Shu Gui Cheng:CECS104:99@f中国土木工程学会高强与高性能混凝土委员会主编@FZhong Guo Tu Mu Gong Cheng Xue Hui Gao Qiang Yu Gao Xing Neng Hun Ning Tu Wei Yuan Hui Zhu Bian |
| 210 | @a北京@d1999.06 | |
| 215 | @a89页@d32开 | |
| 606 | 0 | @a混凝土结构 |
| 606 | 0 | @a钢筋混凝土结构 |
| 690 | @aTU37-65@v3 | |
| 701 | 0 | @a中国土木工程学会高强与高性能混凝土委员会@4主编 |
| 801 | @aCN@bPftUser@c20001122 | |
| 905 | @b418977-981@dTU37-65@eZH:835@f5 | |
| 高强混凝土结构技术规程:CECS104:99/中国土木工程学会高强与高性能混凝土委员会主编.-北京,1999.06 |
| 89页;32开 |
| ISBN :3.00元 |
| ● |
| 相关链接 |
|
|
|
正题名:高强混凝土结构技术规程:CECS104:99
索取号:TU37-65/ZH:835
 
预约/预借
| 序号 | 登录号 | 条形码 | 馆藏地/架位号 | 状态 | 备注 |
| 1 | 418977 | 204189779 | 建筑库101/404自科库 24排2列2层/ [索取号:TU37-65/ZH:835] | 在馆 | |
| 2 | 418978 | 204189788 | 建筑库101/ [索取号:TU37-65/ZH:835] | 在馆 | |
| 3 | 418979 | 204189797 | 建筑库101/404自科库 24排2列2层/ [索取号:TU37-65/ZH:835] | 在馆 | |
| 4 | 418980 | 204189804 | 建筑库101/404自科库 24排2列2层/ [索取号:TU37-65/ZH:835] | 在馆 | |
| 5 | 418981 | 204189813 | 建筑库101/404自科库 24排2列2层/ [索取号:TU37-65/ZH:835] | 在馆 |